| LEADER |
00979nam0a2200205 450 |
| 001 |
16817532 |
| 010 |
|
|
|a 978-2-36360-174-2
|b br.
|d 21
|
| 100 |
|
|
|a 20130812d2013 u u0frey01 ba
|
| 101 |
0 |
|
|a fre
|
| 102 |
|
|
|a FR
|
| 200 |
0 |
|
|a Confrérie des moines volants (La)
|e roman
|f Metin Arditi
|
| 207 |
|
1 |
|a
|
| 210 |
|
|
|a Versailles
|b BP 314, 78003
|c Feryane
|d 2013
|
| 215 |
|
|
|a 1 vol. (368 p.)
|d 22 x 15 cm
|
| 225 |
1 |
|
|a Roman
|
| 330 |
|
|
|a Union soviétique, 1937. Le régime communiste pille et détruit les trésors de l'Eglise russe et exécute des milliers de prêtres et de moines. Nikodime Kirilenko, ermite au monastère de Saint-Eustache et aidé par quelques moines vagabonds, tente de sauver les plus beaux trésors de l'art sacré orthodoxe.
|
| 700 |
|
0 |
|a Arditi
|b Metin
|c Auteur du texte
|f 1945-....
|4 70
|
| 900 |
|
|
|a Roman (gros caractères)
|
| 901 |
|
|
|a Accessible au prêt
|
| 995 |
|
|
|a Bibliothèque
|c Bibliothèque
|f 00156008739633
|h 00156008739633
|k R ARD
|o p
|q a
|r az
|e Bibliothèque
|